Postupy merania bariér na trhu služieb a ich efektov
Meranie komplexných efektov odstraňovania bariér pri internacionalizácii služieb. Trojstupňový proces merania ekonomických dopadov prekážok v obchode so službami. Frekvenčné indexy. Kvantifikácia krátkodobého dopadu bariér a možnosť následnej kvantifikácie celoekonomického dopadu bariér.
Enregistré dans:
| Auteur principal: | |
|---|---|
| Format: | Chapitre de livre |
| Langue: | slovaque |
| Sujets: | |
| Tags: |
Pas de tags, Soyez le premier à ajouter un tag!
|
MARC
| LEADER | 00000nla$a2200000$$$4500 | ||
|---|---|---|---|
| 001 | 0072354 | ||
| 005 | 20240502083207.9 | ||
| 041 | 0 | |a slo | |
| 044 | |a CZ | ||
| 245 | 1 | 0 | |a Postupy merania bariér na trhu služieb a ich efektov |c Jana Vančíková |
| 520 | |a Meranie komplexných efektov odstraňovania bariér pri internacionalizácii služieb. Trojstupňový proces merania ekonomických dopadov prekážok v obchode so službami. Frekvenčné indexy. Kvantifikácia krátkodobého dopadu bariér a možnosť následnej kvantifikácie celoekonomického dopadu bariér. | ||
| 610 | 2 | 0 | |a služby |
| 610 | 2 | 0 | |a trh |
| 610 | 2 | 0 | |a obchod |
| 610 | 2 | 0 | |a podnik |
| 610 | 2 | 0 | |a náklady |
| 610 | 2 | 0 | |a ceny |
| 610 | 2 | 0 | |a ekonometria |
| 610 | 2 | 0 | |a indexy |
| 610 | 2 | 0 | |a ukazovatele kvantitatívne |
| 610 | 2 | 0 | |a liberalizácia |
| 610 | 2 | 0 | |a internacionalizácia |
| 100 | 1 | |a Vančíková, Jana | |